Score 0/20 Timer 03:00
2 Plays Today
% Correct
Elvis Presley
97.2%
Michael Jackson
93.9%
Angelina Jolie Pitt
93.6%
Mick Jagger
85.7%
Prince
85.2%
Danny DeVito
83.8%
Madonna
83.3%
Jennifer Lopez
75.6%
Kris Jenner
62.4%
David Hasselhoff
59.6%
% Correct
Reese Witherspoon
56%
Gene Simmons
54.4%
Keira Knightley
53.6%
Colin Farrell
50.2%
Ronaldinho
30%
Jenny McCarthy
27.7%
Vanessa Hudgens
26.6%
Rose McGowan
22.9%
Kendra Baskett
16%
Zoe Saldana-Perego
13.6%
Remove Ads.
Support Sporcle.
Get the best of Sporcle when you Go Orange. This ad-free experience offers more features, more stats, and more fun while also helping to support Sporcle. Thank you for becoming a member.

You're not logged in!

Compare scores with friends on all Sporcle quizzes.
OR
Log In

Show Comments

Extras

Top Quizzes Today


Score Distribution

Your Account Isn't Verified!

In order to create a playlist on Sporcle, you need to verify the email address you used during registration. Go to your Sporcle Settings to finish the process.

Report this User

Report this user for behavior that violates our Community Guidelines.

Details: